| 000 | 00471nam a2200193Ia 4500 | ||
|---|---|---|---|
| 008 | 170918s9999 xx 000 0 und d | ||
| 020 | _a9780439560672 | ||
| 050 | _bB942 2003 | ||
| 100 | _aBunting, Eve | ||
| 245 | _aWhales passing / | ||
| 245 | _cEve Bunting ; illustrated by Lambert Davis. | ||
| 260 | _aNew York : | ||
| 260 | _bScholastic, | ||
| 260 | _c2003 | ||
| 300 | _aunpaged : | ||
| 300 | _bcolored illustration ; | ||
| 300 | _c29cm. | ||
| 500 | _a130 | ||
| 999 |
_c343063 _d343063 |
||